Đang tải...

Studies on the potential ornamental fishes in the fresh water bodies of Ernakulam district, Kerala, with emphasis on the Biology of puntius vittatus day

Chi tiết về thư mục
Tác giả chính: Jameelabeevi, K.S
Định dạng: Ph.D Thesis
Ngôn ngữ:English
Được phát hành: Kochi Dept.of Marine Sciences - CUSAT 2004
Những chủ đề:
LEADER 00737nam a22001697a 4500
005 20151026125935.0
008 090804t xxu||||| |||| 00| 0 eng d
080 |a 639.2(548.3)  |b JAM 
100 |a Jameelabeevi, K.S.  |9 1603 
245 |a Studies on the potential ornamental fishes in the fresh water bodies of Ernakulam district, Kerala, with emphasis on the Biology of puntius vittatus day 
300 |a 308p. 
653 |a Fishing Fishers  |a Guide : Ramachandran, A. 
942 |c TH  |6 _ 
260 |a Kochi  |b Dept.of Marine Sciences - CUSAT  |c 2004  |9 1604 
500 |a Thesis (Ph.D), CUSAT Guide : Ramachandran, A. 
999 |c 690  |d 690 
952 |0 0  |1 0  |2 udc  |4 0  |6 63925483_JAM  |7 0  |9 2343  |a UL  |b UL  |d 2009-08-04  |o 639.2(548.3) JAM  |p G0009053  |r 2009-08-04  |w 2009-08-04  |y TH